[Event "12. Obert Pobla de Lillet 2002"]
[Site "La Pobla de Lillet ESP"]
[Date "2002.08.03"]
[Round "2.1"]
[White "Mitjavila Badia, Josep"]
[Black "Felgaer, Ruben"]
[Result "0-1"]
[WhiteElo "2145"]
[BlackElo "2528"]
[PlyCount "90"]
[EventDate "2002.08.02"]
[EventType "swiss"]
[EventRounds "9"]
[EventCountry "ESP"]
[Source "lmi"]
[SourceDate "2002.08.02"]

1. d4 Nf6 2. Nf3 c5 3. e3 g6 4. Bd3 Bg7 5. O-O O-O 6. c3 b6 7. Qe2 Bb7 8. Nbd2
d6 9. e4 Qc7 10. Re1 e5 11. d5 Nh5 12. g3 a6 13. b4 Nd7 14. Rb1 Kh8 15. a4 Bf6
16. Nc4 b5 17. Na3 bxa4 18. Bc2 cxb4 19. Rxb4 Nc5 20. Be3 a5 21. Nb5 Qd7 22.
Rb2 Rfc8 23. Bxc5 Rxc5 24. Bxa4 Ba6 25. c4 Bd8 26. Nd2 Rcc8 27. Qe3 Nf6 28. Kg2
Rab8 29. Qa3 Bxb5 30. Bxb5 Qc7 31. f3 Kg7 32. Nb3 Nd7 33. Qa4 Nb6 34. Qxa5 Nxc4
35. Qxc7 Rxc7 36. Bxc4 Rxc4 37. Reb1 Rcb4 38. Kf1 f5 39. exf5 gxf5 40. Ke1 Bf6
41. Kf2 e4 42. Rc2 Rxb3 43. Rxb3 Rxb3 44. Rc7+ Kg6 45. fxe4 fxe4 0-1

[Event "12. Obert Pobla de Lillet 2002"]
[Site "La Pobla de Lillet ESP"]
[Date "2002.08.03"]
[Round "2.2"]
[White "Sulypa, Alexandre"]
[Black "Zarrouati, Pierre"]
[Result "1-0"]
[WhiteElo "2505"]
[BlackElo "2181"]
[PlyCount "33"]
[EventDate "2002.08.02"]
[EventType "swiss"]
[EventRounds "9"]
[EventCountry "ESP"]
[Source "lmi"]
[SourceDate "2002.08.02"]

1. c4 Nf6 2. d4 g6 3. Nc3 d5 4. Nf3 Bg7 5. Qb3 dxc4 6. Qxc4 O-O 7. e4 b6 8. e5
Ng4 9. Bf4 c5 10. d5 Ba6 11. Qe4 Bxf1 12. Kxf1 b5 13. h3 b4 14. Ne2 Nh6 15. d6
Nd7 16. Bxh6 Bxh6 17. Qh4 1-0

[Event "12. Obert Pobla de Lillet 2002"]
[Site "La Pobla de Lillet ESP"]
[Date "2002.08.03"]
[Round "2.3"]
[White "Sanz Bastos, Fernando"]
[Black "Peralta, Fernando"]
[Result "0-1"]
[WhiteElo "2121"]
[BlackElo "2499"]
[PlyCount "66"]
[EventDate "2002.08.02"]
[EventType "swiss"]
[EventRounds "9"]
[EventCountry "ESP"]
[Source "lmi"]
[SourceDate "2002.08.02"]

1. e4 d6 2. Nc3 g6 3. g3 Bg7 4. Bg2 e5 5. d3 c5 6. f4 exf4 7. Bxf4 Ne7 8. Qd2
Nbc6 9. Nf3 h6 10. h4 Be6 11. Nb5 Ne5 12. Nxe5 dxe5 13. Be3 a6 14. Nc3 b6 15.
O-O-O Qd7 16. Kb1 Rc8 17. b3 b5 18. Qf2 Qc6 19. Rhf1 O-O 20. Qd2 h5 21. Bg5 f6
22. Be3 Rfd8 23. Qf2 Rd7 24. Bf3 Rdc7 25. Rd2 c4 26. dxc4 bxc4 27. Nd5 Bxd5 28.
exd5 Qd6 29. Ka1 f5 30. Bg2 Qa3 31. Rb1 e4+ 32. Bd4 c3 33. Rdd1 Nxd5 0-1

[Event "12. Obert Pobla de Lillet 2002"]
[Site "La Pobla de Lillet ESP"]
[Date "2002.08.03"]
[Round "2.4"]
[White "Berzinsh, Roland"]
[Black "Amor Alcaide, Manel"]
[Result "1-0"]
[WhiteElo "2463"]
[BlackElo "2127"]
[PlyCount "65"]
[EventDate "2002.08.02"]
[EventType "swiss"]
[EventRounds "9"]
[EventCountry "ESP"]
[Source "lmi"]
[SourceDate "2002.08.02"]

1. e4 d6 2. d4 Nf6 3. Nc3 g6 4. Be3 Bg7 5. Qd2 Ng4 6. Bg5 h6 7. Bh4 c6 8. h3
Nf6 9. f4 b5 10. a3 a6 11. Nf3 Bb7 12. e5 dxe5 13. fxe5 Nd5 14. Ne4 g5 15. Bf2
Nd7 16. Ng3 e6 17. Nh5 Bf8 18. c4 N5b6 19. c5 Nd5 20. Bg3 Qe7 21. Bd3 O-O-O 22.
Qe2 Qe8 23. Nd2 Ne7 24. O-O Ng6 25. Be4 Be7 26. Nb3 Nb8 27. Nf6 Bxf6 28. Bxg6
fxg6 29. exf6 Nd7 30. f7 Qf8 31. Qxe6 Ba8 32. d5 cxd5 33. c6 1-0

[Event "12. Obert Pobla de Lillet 2002"]
[Site "La Pobla de Lillet ESP"]
[Date "2002.08.03"]
[Round "2.6"]
[White "Dziuba, Marcin"]
[Black "Trias Fernandez, Ramon"]
[Result "1-0"]
[WhiteElo "2454"]
[BlackElo "2095"]
[PlyCount "101"]
[EventDate "2002.08.02"]
[EventType "swiss"]
[EventRounds "9"]
[EventCountry "ESP"]
[Source "lmi"]
[SourceDate "2002.08.02"]

1. d4 Nf6 2. c4 e6 3. Nf3 b6 4. a3 Bb7 5. Nc3 Be7 6. Bg5 O-O 7. e3 d5 8. Qc2
Nbd7 9. Rd1 h6 10. Bh4 c5 11. dxc5 Nxc5 12. Be2 Nfe4 13. Bxe7 Qxe7 14. cxd5
Nxc3 15. d6 Qd8 16. Qxc3 Ne4 17. Qd4 Rc8 18. O-O Bd5 19. d7 Rc7 20. Ne5 f6 21.
Ng6 Rf7 22. Nf4 Rcxd7 23. Nxd5 exd5 24. Bd3 Rfe7 25. Bb1 Qc7 26. Ba2 Kh8 27. f3
Ng5 28. Bxd5 Ne6 29. Qc4 Qe5 30. Rfe1 Rc7 31. Qe4 Qxe4 32. Bxe4 Red7 33. Bf5
Rxd1 34. Rxd1 Rc6 35. Rd7 a5 36. Kf2 Kg8 37. Be4 Rc8 38. Bd5 Re8 39. Rd6 Kf7
40. Rxb6 a4 41. e4 Kg6 42. Bxe6 Rd8 43. Bd5 Kg5 44. g3 h5 45. f4+ Kh6 46. Ke3
g6 47. Kd4 Rf8 48. Rb7 f5 49. e5 h4 50. e6 hxg3 51. hxg3 1-0

[Event "12. Obert Pobla de Lillet 2002"]
[Site "La Pobla de Lillet ESP"]
[Date "2002.08.03"]
[Round "2.7"]
[White "Diaz Lopez, Pedro"]
[Black "Pogorelov, Ruslan"]
[Result "0-1"]
[WhiteElo "2066"]
[BlackElo "2453"]
[PlyCount "42"]
[EventDate "2002.08.02"]
[EventType "swiss"]
[EventRounds "9"]
[EventCountry "ESP"]
[Source "lmi"]
[SourceDate "2002.08.02"]

1. d4 Nf6 2. c4 e6 3. Nf3 b6 4. a3 Ba6 5. Qc2 Bb7 6. Nc3 c5 7. d5 exd5 8. cxd5
Nxd5 9. Qe4+ Qe7 10. Ne5 Qe6 11. e3 f5 12. Qf3 Qxe5 13. Bc4 Nxc3 14. Qxb7 Qe4
15. Qc8+ Ke7 16. Bd2 Qxc4 17. Bxc3 Qd5 18. Qc7 Qd6 19. Qxd6+ Kxd6 20. O-O-O+
Ke6 21. Rd2 Nc6 0-1

[Event "12. Obert Pobla de Lillet 2002"]
[Site "La Pobla de Lillet ESP"]
[Date "2002.08.03"]
[Round "2.8"]
[White "Kalod, Radek"]
[Black "Martorell Aguado, Joan"]
[Result "1-0"]
[WhiteElo "2451"]
[BlackElo "2076"]
[PlyCount "81"]
[EventDate "2002.08.02"]
[EventType "swiss"]
[EventRounds "9"]
[EventCountry "ESP"]
[Source "lmi"]
[SourceDate "2002.08.02"]

1. Nf3 Nf6 2. c4 g6 3. Nc3 Bg7 4. e4 d6 5. d4 O-O 6. Be2 e5 7. d5 a5 8. Bg5 h6
9. Bh4 g5 10. Bg3 Nh5 11. h4 Nxg3 12. fxg3 g4 13. Nh2 h5 14. O-O Bd7 15. Bd3
Qc8 16. Qd2 f6 17. Rf2 Kh7 18. Nf1 Bh6 19. Ne3 Be8 20. Qe2 Bxe3 21. Qxe3 Bg6
22. c5 Nd7 23. Na4 Rb8 24. Rc1 Qd8 25. Rfc2 Rf7 26. Bb5 dxc5 27. Nxc5 Nxc5 28.
Rxc5 c6 29. dxc6 bxc6 30. Bxc6 Rxb2 31. Bd5 Rg7 32. Rc6 Bf7 33. Qd3 Rb4 34. Kh2
Rd4 35. Qf1 Bxd5 36. Qf5+ Rg6 37. Qxh5+ Kg7 38. exd5 Rxd5 39. Rc8 Qe7 40. Rh8
e4 41. Qh7# 1-0

[Event "12. Obert Pobla de Lillet 2002"]
[Site "La Pobla de Lillet ESP"]
[Date "2002.08.03"]
[Round "2.9"]
[White "Foisor, Sabina"]
[Black "Velicka, Petr"]
[Result "0-1"]
[WhiteElo "2038"]
[BlackElo "2435"]
[PlyCount "94"]
[EventDate "2002.08.02"]
[EventType "swiss"]
[EventRounds "9"]
[EventCountry "ESP"]
[Source "lmi"]
[SourceDate "2002.08.02"]

1. e4 Nf6 2. e5 Nd5 3. d4 d6 4. c4 Nb6 5. exd6 cxd6 6. Nc3 g6 7. Be3 Bg7 8. Rc1
O-O 9. b3 N6d7 10. Bd3 Nf6 11. h3 d5 12. Nf3 Nc6 13. O-O h6 14. Qd2 Kh7 15.
Rfd1 Be6 16. Na4 Nd7 17. c5 Nf6 18. b4 Ne4 19. Qe1 Rc8 20. b5 Na5 21. Nd2 Nxd2
22. Bxd2 Nc4 23. Bf4 Qd7 24. Qb4 Rfd8 25. Nc3 Bxd4 26. Bxg6+ fxg6 27. Rxd4 Bf7
28. Nxd5 Bxd5 29. Rcxc4 e5 30. Bxe5 Qe6 31. Rc1 Qxe5 32. Re1 Qg5 33. Rg4 Qf6
34. Rf4 Qg7 35. b6 axb6 36. cxb6 Re8 37. Rd1 Bxa2 38. Qa4 Ra8 39. Qc2 Be6 40.
Rfd4 Ra1 41. Kh2 Rxd1 42. Qxd1 Qe5+ 43. f4 Qc5 44. Qa4 Rf8 45. Rb4 Qd6 46. Re4
Qxb6 47. Qa3 Rf7 0-1

[Event "12. Obert Pobla de Lillet 2002"]
[Site "La Pobla de Lillet ESP"]
[Date "2002.08.03"]
[Round "2.10"]
[White "Foisor, Ovidiu"]
[Black "Escofet Llongueras, Joan"]
[Result "1-0"]
[WhiteElo "2422"]
[BlackElo "2065"]
[PlyCount "29"]
[EventDate "2002.08.02"]
[EventType "swiss"]
[EventRounds "9"]
[EventCountry "ESP"]
[Source "lmi"]
[SourceDate "2002.08.02"]

1. c4 Nf6 2. Nf3 g6 3. g3 Bg7 4. Bg2 O-O 5. O-O c5 6. d4 cxd4 7. Nxd4 Nc6 8.
Nc3 Qb6 9. Nc2 d6 10. b3 Bd7 11. Bd2 Nd4 12. Be3 e5 13. Nxd4 exd4 14. Bxd4 Qc7
15. Bxf6 1-0

[Event "12. Obert Pobla de Lillet 2002"]
[Site "La Pobla de Lillet ESP"]
[Date "2002.08.04"]
[Round "3.1"]
[White "Felgaer, Ruben"]
[Black "Foisor, Ovidiu"]
[Result "1/2-1/2"]
[WhiteElo "2528"]
[BlackElo "2422"]
[PlyCount "39"]
[EventDate "2002.08.02"]
[EventType "swiss"]
[EventRounds "9"]
[EventCountry "ESP"]
[Source "lmi"]
[SourceDate "2002.08.02"]

1. e4 c6 2. Nc3 g6 3. d4 d5 4. e5 Bg7 5. f4 Nh6 6. Nf3 f6 7. Be3 Bg4 8. Be2 e6
9. exf6 Qxf6 10. Ne5 Bxe2 11. Qxe2 Nf5 12. g4 Nxe3 13. Qxe3 O-O 14. Ne2 c5 15.
O-O Qh4 16. g5 Bxe5 17. dxe5 Qg4+ 18. Kh1 Nc6 19. Rf2 Rac8 20. Rg1 1/2-1/2

[Event "12. Obert Pobla de Lillet 2002"]
[Site "La Pobla de Lillet ESP"]
[Date "2002.08.04"]
[Round "3.2"]
[White "Velicka, Petr"]
[Black "Sulypa, Alexandre"]
[Result "1/2-1/2"]
[WhiteElo "2435"]
[BlackElo "2505"]
[PlyCount "101"]
[EventDate "2002.08.02"]
[EventType "swiss"]
[EventRounds "9"]
[EventCountry "ESP"]
[Source "lmi"]
[SourceDate "2002.08.02"]

1. e4 c5 2. Nf3 d6 3. Bb5+ Nd7 4. d4 cxd4 5. Qxd4 Ngf6 6. O-O e5 7. Qd3 h6 8.
c4 Be7 9. Nc3 O-O 10. Bxd7 Bxd7 11. Rd1 Rc8 12. b3 a6 13. a4 Qb6 14. a5 Qd8 15.
Be3 Be6 16. Nd2 Kh8 17. Nf1 Qe8 18. Ng3 Ng4 19. Bb6 g6 20. Nd5 Bxd5 21. Qxd5
Qc6 22. f3 Qxd5 23. Rxd5 Nf6 24. Rdd1 Nd7 25. Be3 Kg7 26. Ne2 f5 27. Nc3 Rf7
28. Kf1 Nc5 29. Bxc5 Rxc5 30. Ke2 Rf8 31. Rd5 Rfc8 32. Rxc5 Rxc5 33. Kd3 Kf7
34. b4 Rc8 35. Nd5 Bd8 36. Kc3 Ke6 37. Kb3 Bg5 38. Re1 h5 39. Re2 Bd8 40. Nc3
Bg5 41. Na4 Rf8 42. Nb2 Bf4 43. h3 Bh2 44. Nd3 Bg1 45. exf5+ gxf5 46. Nf4+ Kd7
47. Nd5 Ke6 48. Kc3 h4 49. Nc7+ Kd7 50. Nd5 Ke6 51. Nc7+ 1/2-1/2

[Event "12. Obert Pobla de Lillet 2002"]
[Site "La Pobla de Lillet ESP"]
[Date "2002.08.04"]
[Round "3.3"]
[White "Peralta, Fernando"]
[Black "Kovacevic, Slobodan"]
[Result "1-0"]
[WhiteElo "2499"]
[BlackElo "2374"]
[PlyCount "95"]
[EventDate "2002.08.02"]
[EventType "swiss"]
[EventRounds "9"]
[EventCountry "ESP"]
[Source "lmi"]
[SourceDate "2002.08.02"]

1. Nf3 c5 2. c4 Nf6 3. Nc3 e6 4. e3 b6 5. d4 a6 6. d5 exd5 7. Nxd5 Bb7 8. e4
Bxd5 9. exd5 d6 10. Bd3 Be7 11. O-O O-O 12. Qc2 Nbd7 13. Bf4 Re8 14. Rfe1 g6
15. h3 Qc7 16. g4 Bf8 17. Kg2 b5 18. b3 Bg7 19. Rxe8+ Rxe8 20. Re1 Rxe1 21.
Nxe1 b4 22. Bc1 Qd8 23. f4 Ne8 24. Nf3 Qe7 25. g5 Bc3 26. f5 Ne5 27. Qe2 Qd7
28. f6 h6 29. Nxe5 dxe5 30. Qf3 Nd6 31. gxh6 Qd8 32. Bb1 Bd4 33. Bg5 e4 34.
Bxe4 Qe8 35. Bd3 Qe1 36. Qf1 Qe5 37. Qf4 Qe1 38. Qf1 Qe5 39. h4 Nf5 40. Bxf5
gxf5 41. Qf3 Kh8 42. Kh3 a5 43. d6 Qxd6 44. Qa8+ Kh7 45. Qe8 Qc7 46. Qf8 Kg6
47. Qg7+ Kh5 48. h7 1-0

[Event "12. Obert Pobla de Lillet 2002"]
[Site "La Pobla de Lillet ESP"]
[Date "2002.08.04"]
[Round "3.4"]
[White "Foisor, Cristina Adela"]
[Black "Berzinsh, Roland"]
[Result "1-0"]
[WhiteElo "2419"]
[BlackElo "2463"]
[PlyCount "129"]
[EventDate "2002.08.02"]
[EventType "swiss"]
[EventRounds "9"]
[EventCountry "ESP"]
[Source "lmi"]
[SourceDate "2002.08.02"]

1. Nf3 Nf6 2. g3 g6 3. Bg2 Bg7 4. O-O O-O 5. d4 d6 6. c4 Nc6 7. Nc3 a6 8. e3 e5
9. d5 Ne7 10. e4 b5 11. Nd2 c6 12. h3 Rb8 13. Kh2 bxc4 14. dxc6 Be6 15. Qa4 a5
16. a3 Qc7 17. Nxc4 Qxc6 18. Qxc6 Nxc6 19. Nd5 a4 20. Be3 Nd4 21. Rac1 Nb3 22.
Rc3 Bxd5 23. exd5 e4 24. Nb6 Rb7 25. Rc6 Rd8 26. Rd1 Na5 27. Rc2 Nd7 28. Nxa4
f5 29. Bf1 Ra8 30. Nc3 Rc7 31. Bd4 Ne5 32. Bb6 Rcc8 33. Bxa5 Rxa5 34. Be2 Rac5
35. Rcd2 Nc4 36. Bxc4 Rxc4 37. Nb5 Be5 38. b3 R4c5 39. a4 Rc1 40. Na3 Rxd1 41.
Rxd1 Rc3 42. Nc4 Kf8 43. a5 Rc2 44. Rd2 Rxd2 45. Nxd2 Ke7 46. Nc4 Bd4 47. Kg2
Kd7 48. b4 Kc7 49. h4 Bc3 50. b5 Bb4 51. Kf1 Kb7 52. Ke2 Bc5 53. f3 exf3+ 54.
Kxf3 Ka7 55. Kf4 h6 56. h5 gxh5 57. Kxf5 Bf2 58. Nxd6 Bxg3 59. Nf7 h4 60. Kg4
h5+ 61. Kh3 Kb7 62. a6+ Kc8 63. b6 Bf2 64. Nd6+ Kb8 65. Nc4 1-0

[Event "12. Obert Pobla de Lillet 2002"]
[Site "La Pobla de Lillet ESP"]
[Date "2002.08.04"]
[Round "3.5"]
[White "Vazquez, Renier"]
[Black "Dziuba, Marcin"]
[Result "1/2-1/2"]
[WhiteElo "2406"]
[BlackElo "2454"]
[PlyCount "61"]
[EventDate "2002.08.02"]
[EventType "swiss"]
[EventRounds "9"]
[EventCountry "ESP"]
[Source "lmi"]
[SourceDate "2002.08.02"]

1. e4 c5 2. Nf3 Nc6 3. Bb5 e6 4. Bxc6 bxc6 5. b3 Ne7 6. O-O Ng6 7. Re1 Be7 8.
Ba3 O-O 9. c3 d5 10. d3 e5 11. Nbd2 Qc7 12. d4 cxd4 13. Bxe7 Nxe7 14. cxd4 exd4
15. Nxd4 c5 16. Qc2 Qb6 17. N4f3 Bb7 18. Rac1 Rac8 19. Ne5 Rc7 20. Nd3 h6 21.
exd5 Nxd5 22. Nc4 Qg6 23. f3 Rfc8 24. Re5 Nb6 25. Nf4 Qf6 26. Rce1 Rf8 27. Nh5
Qh4 28. Ng3 g6 29. Rd1 Nxc4 30. bxc4 Rd8 31. Ne4 1/2-1/2

[Event "12. Obert Pobla de Lillet 2002"]
[Site "La Pobla de Lillet ESP"]
[Date "2002.08.04"]
[Round "3.6"]
[White "Pogorelov, Ruslan"]
[Black "Ayza Ballester, Jordi"]
[Result "1-0"]
[WhiteElo "2453"]
[BlackElo "2289"]
[PlyCount "55"]
[EventDate "2002.08.02"]
[EventType "swiss"]
[EventRounds "9"]
[EventCountry "ESP"]
[Source "lmi"]
[SourceDate "2002.08.02"]

1. Nf3 d5 2. d4 Nf6 3. c4 dxc4 4. e3 e6 5. Bxc4 a6 6. O-O b5 7. Be2 Bb7 8. a4
b4 9. Nbd2 c5 10. dxc5 Bxc5 11. Nb3 Qxd1 12. Rxd1 Be7 13. Na5 Bd5 14. Nd4 Bd8
15. Nc4 O-O 16. a5 Nc6 17. Nxc6 Bxc6 18. Bd2 Be7 19. Nb6 Ra7 20. Rac1 Bb7 21.
f3 Rd8 22. e4 Ne8 23. Be3 Rxd1+ 24. Rxd1 Nd6 25. Nd5 exd5 26. Bxa7 dxe4 27. Bc5
exf3 28. gxf3 1-0

[Event "12. Obert Pobla de Lillet 2002"]
[Site "La Pobla de Lillet ESP"]
[Date "2002.08.04"]
[Round "3.7"]
[White "Ayas Fernandez, Antonio"]
[Black "Kalod, Radek"]
[Result "1/2-1/2"]
[WhiteElo "2285"]
[BlackElo "2451"]
[PlyCount "91"]
[EventDate "2002.08.02"]
[EventType "swiss"]
[EventRounds "9"]
[EventCountry "ESP"]
[Source "lmi"]
[SourceDate "2002.08.02"]

1. e4 c5 2. Nf3 d6 3. d4 cxd4 4. Nxd4 Nf6 5. Nc3 a6 6. f3 Qb6 7. Nb3 e6 8. Bd3
Nbd7 9. Qe2 Qc7 10. g4 h6 11. Be3 b5 12. a3 Bb7 13. O-O-O Nc5 14. Kb1 Nfd7 15.
h4 Rc8 16. g5 hxg5 17. hxg5 Rxh1 18. Rxh1 g6 19. Rh7 Ba8 20. f4 Nxd3 21. cxd3
Nc5 22. Nd4 e5 23. Nc2 Na4 24. Nxa4 bxa4 25. Nb4 a5 26. Nd5 Bxd5 27. exd5 Qb7
28. fxe5 dxe5 29. Bd4 Qxd5 30. Bxe5 Rc6 31. Bd6+ Qe6 32. Qxe6+ fxe6 33. Be5 Bd6
34. Bf6 e5 35. Rh4 Kd7 36. Rxa4 Rc5 37. Re4 Rd5 38. Kc2 Ke6 39. Rc4 Kf5 40. b4
axb4 41. axb4 Rb5 42. Kb3 Rd5 43. Kc3 Rb5 44. Re4 Rb8 45. Kb3 Rb5 46. Rc4
1/2-1/2

[Event "12. Obert Pobla de Lillet 2002"]
[Site "La Pobla de Lillet ESP"]
[Date "2002.08.04"]
[Round "3.8"]
[White "Bautista Sanchez, Joan"]
[Black "Abreu, Aryam"]
[Result "0-1"]
[WhiteElo "2217"]
[BlackElo "2454"]
[PlyCount "60"]
[EventDate "2002.08.02"]
[EventType "swiss"]
[EventRounds "9"]
[EventCountry "ESP"]
[Source "lmi"]
[SourceDate "2002.08.02"]

1. c4 Nf6 2. Nf3 c6 3. g3 d5 4. cxd5 cxd5 5. Bg2 Nc6 6. d4 Bf5 7. O-O e6 8. Nc3
Be7 9. Bg5 O-O 10. Rc1 h6 11. Bxf6 Bxf6 12. Qd2 Qa5 13. Rfd1 Rac8 14. a3 b5 15.
Na2 Qxd2 16. Rxd2 Na5 17. Rxc8 Rxc8 18. g4 Bxg4 19. e3 Nb3 20. Rd1 Rc2 21. Rb1
Bf5 22. Nb4 Rc8 23. Rd1 a5 24. Nd3 Bg4 25. h3 Bf5 26. Nfe1 g5 27. Bf1 Be7 28.
Ne5 b4 29. a4 f6 30. N5d3 Bg6 0-1

[Event "12. Obert Pobla de Lillet 2002"]
[Site "La Pobla de Lillet ESP"]
[Date "2002.08.05"]
[Round "4.1"]
[White "Pogorelov, Ruslan"]
[Black "Peralta, Fernando"]
[Result "1-0"]
[WhiteElo "2453"]
[BlackElo "2499"]
[PlyCount "93"]
[EventDate "2002.08.02"]
[EventType "swiss"]
[EventRounds "9"]
[EventCountry "ESP"]
[Source "lmi"]
[SourceDate "2002.08.02"]

1. d4 d5 2. c4 c6 3. Nf3 Nf6 4. Nc3 dxc4 5. a4 Bf5 6. Ne5 Nbd7 7. Nxc4 Nb6 8.
Ne5 a5 9. e3 g6 10. g4 Be6 11. h4 h5 12. g5 Nfd7 13. Nd3 Bc4 14. b3 Bxd3 15.
Bxd3 e5 16. Qc2 Bb4 17. Bd2 Qe7 18. O-O-O O-O-O 19. Kb1 Kb8 20. Rhe1 Rc8 21. f4
exd4 22. exd4 Qd6 23. f5 Qxd4 24. fxg6 fxg6 25. Bxg6 Qxh4 26. Bf7 Nd5 27. g6
Qf6 28. Ne4 Qg7 29. Bc1 Bxe1 30. Rxe1 Rhe8 31. Bb2 Qh6 32. g7 Qf4 33. Bxe8 Rxe8
34. Rg1 Rg8 35. Qe2 Ne3 36. Qd3 Nd5 37. Qg3 Kc7 38. Rf1 Qxg3 39. Nxg3 Ne7 40.
Nxh5 Re8 41. Nf6 Nxf6 42. Rxf6 Kd7 43. Bc3 b5 44. Rf8 b4 45. Bd4 Ng8 46. Kc2
Nh6 47. Kd3 1-0

[Event "12. Obert Pobla de Lillet 2002"]
[Site "La Pobla de Lillet ESP"]
[Date "2002.08.05"]
[Round "4.2"]
[White "Sulypa, Alexandre"]
[Black "Foisor, Cristina Adela"]
[Result "1-0"]
[WhiteElo "2505"]
[BlackElo "2419"]
[PlyCount "79"]
[EventDate "2002.08.02"]
[EventType "swiss"]
[EventRounds "9"]
[EventCountry "ESP"]
[Source "lmi"]
[SourceDate "2002.08.02"]

1. e4 g6 2. d4 Bg7 3. Nc3 d6 4. Nf3 a6 5. Bf4 e6 6. Bd3 Nd7 7. e5 d5 8. Ne2 Ne7
9. Qd2 h6 10. h4 c5 11. c3 b5 12. Qe3 Qb6 13. O-O c4 14. Bc2 Bb7 15. Nh2 Nf5
16. Qh3 O-O-O 17. g4 Ne7 18. h5 g5 19. Be3 f6 20. exf6 Bxf6 21. f4 gxf4 22.
Nxf4 Bg5 23. Ng6 Bxe3+ 24. Qxe3 Nxg6 25. Bxg6 e5 26. Rf7 exd4 27. Qxd4 Qxd4+
28. cxd4 Rdf8 29. Raf1 b4 30. Rxf8+ Nxf8 31. Nf3 Nxg6 32. hxg6 Rg8 33. Ne5 Kc7
34. Rf7+ Kb6 35. Kf2 a5 36. Nd7+ Kb5 37. g7 c3 38. bxc3 bxc3 39. Ke3 Rc8 40.
Nc5 1-0

[Event "12. Obert Pobla de Lillet 2002"]
[Site "La Pobla de Lillet ESP"]
[Date "2002.08.05"]
[Round "4.3"]
[White "Pascual Genoves, Marc"]
[Black "Felgaer, Ruben"]
[Result "1/2-1/2"]
[WhiteElo "2090"]
[BlackElo "2528"]
[PlyCount "141"]
[EventDate "2002.08.02"]
[EventType "swiss"]
[EventRounds "9"]
[EventCountry "ESP"]
[Source "lmi"]
[SourceDate "2002.08.02"]

1. e4 c5 2. Nf3 Nc6 3. d4 cxd4 4. Nxd4 g6 5. c4 Bg7 6. Be3 Nh6 7. Nc3 O-O 8.
Be2 d6 9. Qd2 Ng4 10. Bxg4 Bxg4 11. O-O Qa5 12. f3 Be6 13. Nxe6 fxe6 14. Rac1
b6 15. b3 Rac8 16. Ne2 Qxd2 17. Bxd2 Kf7 18. Rfd1 Bb2 19. Rb1 Bf6 20. Bc3 g5
21. Bxf6 Kxf6 22. Kf2 a6 23. Nd4 Ne5 24. a4 Rc5 25. Ke3 h5 26. Rbc1 Rfc8 27.
Ne2 h4 28. Nc3 Ng6 29. Ne2 Rh8 30. Rc3 Ne5 31. Rcc1 h3 32. g4 Ng6 33. Rc3 Rhc8
34. Rdc1 Ke5 35. Rg1 Rf8 36. Rg3 Rh8 37. Rg1 Rd8 38. Rd1 Rf8 39. Rg1 Nh4 40.
Rg3 Ng2+ 41. Kd2 Rh8 42. Ng1 Nf4 43. Ne2 Nxe2 44. Kxe2 b5 45. axb5 axb5 46. Kd3
bxc4+ 47. Rxc4 Rxc4 48. bxc4 Kf4 49. Kd4 e5+ 50. Kd5 Rc8 51. Rxh3 Rc5+ 52. Ke6
Rxc4 53. Kxe7 Rd4 54. Kf6 Rd3 55. Kg6 d5 56. exd5 Rxd5 57. Rh5 Rd6+ 58. Kf7 Rd3
59. h4 Rxf3 60. Rxg5 e4 61. Ke6 e3 62. Re5 Kxg4 63. h5 Kg3 64. h6 Kf2 65. Rf5
e2 66. Rxf3+ Kxf3 67. h7 e1=Q+ 68. Kf7 Qe5 69. Kg8 Qe8+ 70. Kg7 Qe7+ 71. Kg8
1/2-1/2

[Event "12. Obert Pobla de Lillet 2002"]
[Site "La Pobla de Lillet ESP"]
[Date "2002.08.05"]
[Round "4.4"]
[White "Abreu, Aryam"]
[Black "Velicka, Petr"]
[Result "1/2-1/2"]
[WhiteElo "2454"]
[BlackElo "2435"]
[PlyCount "51"]
[EventDate "2002.08.02"]
[EventType "swiss"]
[EventRounds "9"]
[EventCountry "ESP"]
[Source "lmi"]
[SourceDate "2002.08.02"]

1. e4 c6 2. d4 d5 3. e5 Bf5 4. Nf3 e6 5. Be2 Nd7 6. O-O Ne7 7. Nh4 Be4 8. Nd2
c5 9. c3 Nc6 10. Nxe4 dxe4 11. g3 Be7 12. d5 exd5 13. Nf5 g6 14. Nxe7 Qxe7 15.
Qxd5 Qxe5 16. Bc4 Qxd5 17. Bxd5 f5 18. f3 Nf6 19. fxe4 Nxd5 20. exd5 Ne7 21. c4
Kd7 22. Be3 b6 23. Rae1 Rae8 24. Bf4 Nc8 25. Kf2 Nd6 26. Bxd6 1/2-1/2

[Event "12. Obert Pobla de Lillet 2002"]
[Site "La Pobla de Lillet ESP"]
[Date "2002.08.05"]
[Round "4.5"]
[White "Dziuba, Marcin"]
[Black "Ayas Fernandez, Antonio"]
[Result "1/2-1/2"]
[WhiteElo "2454"]
[BlackElo "2285"]
[PlyCount "71"]
[EventDate "2002.08.02"]
[EventType "swiss"]
[EventRounds "9"]
[EventCountry "ESP"]
[Source "lmi"]
[SourceDate "2002.08.02"]

1. d4 Nf6 2. c4 e6 3. Nf3 c5 4. d5 exd5 5. cxd5 d6 6. Nc3 g6 7. e4 Bg7 8. h3
O-O 9. Bd3 b5 10. Nxb5 Nxe4 11. O-O Ba6 12. Re1 Nxf2 13. Kxf2 c4 14. Bxc4 Bxb5
15. Bxb5 Qb6+ 16. Be3 Qxb5 17. Qb3 Qxb3 18. axb3 Nd7 19. Bd4 Nc5 20. Bxc5 dxc5
21. Ra5 Rfd8 22. Rd1 Bd4+ 23. Nxd4 Rxd5 24. b4 Rxd4 25. Rxd4 cxd4 26. Ke2 Rb8
27. b5 Rb7 28. Kd3 Rd7 29. Ra6 Rb7 30. Ra5 Rd7 31. b4 Kg7 32. Ra6 Rb7 33. Kc4
Rd7 34. Kd3 Rb7 35. Kc4 Rd7 36. Kd3 1/2-1/2

[Event "12. Obert Pobla de Lillet 2002"]
[Site "La Pobla de Lillet ESP"]
[Date "2002.08.05"]
[Round "4.6"]
[White "Kalod, Radek"]
[Black "Vazquez, Renier"]
[Result "1/2-1/2"]
[WhiteElo "2451"]
[BlackElo "2406"]
[PlyCount "30"]
[EventDate "2002.08.02"]
[EventType "swiss"]
[EventRounds "9"]
[EventCountry "ESP"]
[Source "lmi"]
[SourceDate "2002.08.02"]

1. Nf3 c5 2. c4 Nc6 3. Nc3 g6 4. e3 d6 5. d4 Bg4 6. Be2 Bg7 7. O-O Nf6 8. h3
Bxf3 9. Bxf3 Nd7 10. Ne2 Qb6 11. b3 cxd4 12. Bb2 Nde5 13. Nxd4 Nxf3+ 14. Qxf3
O-O 15. Rfd1 Rac8 1/2-1/2

[Event "12. Obert Pobla de Lillet 2002"]
[Site "La Pobla de Lillet ESP"]
[Date "2002.08.05"]
[Round "4.7"]
[White "Berzinsh, Roland"]
[Black "Foisor, Ovidiu"]
[Result "1-0"]
[WhiteElo "2463"]
[BlackElo "2422"]
[PlyCount "91"]
[EventDate "2002.08.02"]
[EventType "swiss"]
[EventRounds "9"]
[EventCountry "ESP"]
[Source "lmi"]
[SourceDate "2002.08.02"]

1. e4 c6 2. d4 g6 3. Nc3 Bg7 4. Nf3 d6 5. Be3 Nd7 6. Qd2 Qc7 7. O-O-O b5 8. e5
d5 9. Kb1 Nb6 10. b3 Bg4 11. Bf4 Qb7 12. Qe3 e6 13. h3 Bxf3 14. Qxf3 b4 15. Ne2
Nd7 16. Qe3 h5 17. Rg1 a5 18. g4 a4 19. Nc1 Ne7 20. Be2 hxg4 21. hxg4 axb3 22.
cxb3 c5 23. dxc5 Nc6 24. Rh1 Rg8 25. Bg5 Ra5 26. f4 Nxc5 27. Bf3 Qa7 28. Qd2
Nd7 29. Nd3 Bf8 30. Rc1 Nc5 31. Nxc5 Bxc5 32. Bxd5 exd5 33. Qxd5 Ne7 34. Bxe7
Kxe7 35. f5 gxf5 36. gxf5 Rxa2 37. f6+ Ke8 38. Qc6+ Qd7 39. Qxd7+ Kxd7 40.
Rhd1+ Ke6 41. Kxa2 Be3 42. Rc7 Rg2+ 43. Kb1 Rf2 44. Re7+ Kf5 45. Rxf7 Bf4 46.
Re7 1-0